Accommodating rising powers past, present, and future / (Record no. 18867)

000 -LEADER
fixed length control field 00770cam a22002414i 4500
020 ## - INTERNATIONAL STANDARD BOOK NUMBER
ISBN 9781107134041
020 ## - INTERNATIONAL STANDARD BOOK NUMBER
ISBN 9781107592230 (paperback)
040 ## - CATALOGING SOURCE
Transcribing agency DLC
082 00 - DEWEY DECIMAL CLASSIFICATION NUMBER
Classification number 327 NAT 1997 C153 Or.
245 00 - TITLE STATEMENT
Title Accommodating rising powers past, present, and future /
300 ## - PHYSICAL DESCRIPTION
Number of Pages x, 326 pages ;
Dimensions 23 cm
650 #0 - SUBJECT ADDED ENTRY--TOPICAL TERM
Topical Term Middle powers.
650 #0 - SUBJECT ADDED ENTRY--TOPICAL TERM
Topical Term World politics
650 #0 - SUBJECT ADDED ENTRY--TOPICAL TERM
Topical Term World politics
650 #0 - SUBJECT ADDED ENTRY--TOPICAL TERM
Topical Term Middle powers
650 #0 - SUBJECT ADDED ENTRY--TOPICAL TERM
Topical Term World politics
650 #0 - SUBJECT ADDED ENTRY--TOPICAL TERM
Topical Term World politics
700 1# - ADDED ENTRY--PERSONAL NAME
Personal name Paul, T. V.
856 42 - ELECTRONIC LOCATION AND ACCESS
Uniform Resource Identifier http://www.loc.gov/catdir/enhancements/fy1602/2015023772-b.html
856 42 - ELECTRONIC LOCATION AND ACCESS
Uniform Resource Identifier http://www.loc.gov/catdir/enhancements/fy1602/2015023772-d.html
856 41 - ELECTRONIC LOCATION AND ACCESS
Uniform Resource Identifier http://www.loc.gov/catdir/enhancements/fy1602/2015023772-t.html
942 ## - ADDED ENTRY ELEMENTS (KOHA)
Koha item type ADB
952 ## - LOCATION AND ITEM INFORMATION (KOHA)
Withdrawn status [LOCAL, KOHA] 0
Holdings
Koha item type Source of acquisition Lost status Permanent Location Current Location Date acquired Full call number
សៀវភៅភាសាអង់គ្លេសA36964 Library Block CLibrary Block C2020-02-03327 NAT 1997 C153 Or.
មជ្ឈមណ្ឌលឯការនៃសាកលវិទ្យាល័យភូមិន្ទកសិកម្មចំការដូង

Powered by Koha